000 00979cab a2200277 4500
001 ABS49841
008 090401t1994 xxu||||| |||| 00| 0 eng d
035 _a(Sirsi) u72964
041 _aeng
245 _aEastern Europe: laying new foundations
260 _c1994
350 _a0
490 _aEuroProperty
_vDecember 1993/January 1994, 25-31(6)
520 _aComments on the difficulties investors have found in the planning structures of the countries of eastern and central Europe, but picks out successes and advises that the region is a rewarding place to lay foundations for the future. Looks at infrastructure development and the complexities of disparate property laws.
650 _aEASTERN EUROPE
650 _aEBRD
650 _aEIB
650 _aFUNDING
650 _aINFRASTRUCTURE PROJECTS
650 _aPHARE
650 _aPOLAND
690 _aPROPERTY-PROPERTY DEVELOPMENT
690 _aOVERSEAS-EUROPE
942 _n0
948 _c04/03/1997
999 _c46127
_d46127